ბათუმის შოთა რუსთაველის სახელმწიფო უნივერსიტეტის ბიბლიოთეკა

ინფორმაციის საბაზო კურსი. (ბიბ.ჩანაწერი № 35776)

000 -LEADER
fixed length control field 00730nam a2200229Ia 4500
001 - CONTROL NUMBER
control field 1659
003 - CONTROL NUMBER IDENTIFIER
control field GE_BSU
008 - FIXED-LENGTH DATA ELEMENTS--GENERAL INFORMATION
fixed length control field 181216s||||||||xx |||||||||||||| ||und||
020 ## - INTERNATIONAL STANDARD BOOK NUMBER
International Standard Book Number 9789941904318
040 ## - CATALOGING SOURCE
Transcribing agency GE_BSU
080 ## - UNIVERSAL DECIMAL CLASSIFICATION NUMBER
Universal Decimal Classification number 681.3(075.8)
100 ## - MAIN ENTRY--PERSONAL NAME
Personal name ზაქარაია, მზევინარ
245 ## - TITLE STATEMENT
Title ინფორმაციის საბაზო კურსი.
260 ## - PUBLICATION, DISTRIBUTION, ETC.
Place of publication, distribution, etc. ქუთაისი
260 ## - PUBLICATION, DISTRIBUTION, ETC.
Name of publisher, distributor, etc. აკ. წერეთლის სახუნ–ტი
260 ## - PUBLICATION, DISTRIBUTION, ETC.
Date of publication, distribution, etc. 2008
300 ## - PHYSICAL DESCRIPTION
Extent 112 გვ. 19 სმ.
653 ## - INDEX TERM--UNCONTROLLED
Uncontrolled term ინფორმატიკის საბაზო კურსი
653 ## - INDEX TERM--UNCONTROLLED
Uncontrolled term პრაქტიკუმი
942 ## - ADDED ENTRY ELEMENTS (KOHA)
Koha item type წიგნი
ეგზემპლარები
Withdrawn status Lost status Damaged status Not for loan Date acquired Barcode Date last seen Price effective from Koha item type
        2018-12-17 3206 2018-12-17 2018-12-17 წიგნი